Langues officielles les moins parlées en Europe - Statistiques

Statistiques générales
  • Ce quiz a été pris 122 fois
    120 depuis la dernière actualisation
  • Le résultat moyen est 19 sur 52
Statistiques - réponses
Nombre
De
Locuteurs
Pays/Région Langue % Correct
31 000 Corse (France),
Sardaigne (Italie)
Corse
80%
1 407 810 Macédoine Macédonien
80%
545 872 Pays Basque, Navarre (Espagne) Basque
76%
68 130 Écosse(Royaume-Uni) Gaélique écossais
73%
300 000 Islande Islandais
71%
30 000 Vatican Latin
71%
1 752 260 Lettonie Letton
68%
1 165 000 Estonie Estonien
67%
536 890 Pays de Galles (Royaume-Uni) Gallois
67%
336 710 Luxembourg Luxembourgeois
67%
522 000 Malte Maltais
66%
276 310 Irlande, Irlande
du Nord (R-U)
Irlandais
65%
~ 600 000 Wallonie (Belgique) Wallon
63%
35 139 Suisse Romanche
59%
1 361 000 Tchétchènie(Russie) Tchétchène
55%
1 200 000 Sardaigne (Italie) Sarde
53%
36 000 Carélie (Russie) Carélien
52%
510 000 Monténégro Monténégrin
51%
~ 1000 Île de Man(Royaume-Uni) Mannois
44%
1 600 000 Piémont (Italie) Piémontais
43%
467 000 Frise (Pays-Bas) Frison
41%
66 150 Île Féroé(Danemark) Feroïen
40%
80 500 Kalmoukie (Russie) Kalmouk
40%
522 000 Silésie (Pologne) Silésien
39%
117 500 Adyguée (Russie) Adyguéen
38%
1 221 000 Bachkirie (Russie) Bachkir
37%
509 090 Rép. des Maris(Russie) Mari
35%
570 000 Ossétie (Géorgie,
Russie)
Ossète
33%
1 077 420 Tchouvachie(Russie) Tchouvache
29%
173 920 Gagaouzie (Moldavie) Gagaouze
28%
28 000 Daghestan(Russie) Tat
28%
30 000 Norvège, Suède,
Finlande
Sami
27%
475 540 Crimée (Russie) Tatar de Crimée
27%
340 000 Oudmourtie(Russie) Oudmourte
25%
557 Cornouailles(Royaume-Uni) Cornique
16%
2800 Jersey(Royaume-Uni) Jersiais
14%
~ 220 000 Catalogne (Esp),
Italie
Occitan
14%
1 594 690 Bosnie, Pays-Bas,
Pologne, Roumanie, Suède, Ukraine
Yiddish
13%
15 000 Portugal Mirandais
11%
1 540 000 Écosse, Angleterre
(Royaume-Uni) Ulster (R-U et Irlande)
Scots
9%
31 000 Vénetie, Trentin
(Italie)
Ladin
8%
~ 30 000 Lusace(Allemagne) Sorabe
8%
140 000 Vallée d'Aoste
(Italie)
Franco-Provençal
7%
114 340 Macédoine Aroumain
6%
50 000 Pologne Cachoube
6%
1 628 500 Kabardino-Balkarie,
Tcherkessie (Russie)
Kabarde
4%
119 330 Mordovie (Russie) Erzya
2%
~ 200 000 Belgique Picard
2%
3610 Rép. de Carélie
(Russie)
Vepse
2%
760 000 Daghestan(Russie) Avar
0%
126 900 Daghestan (Russie) Tabarassan
0%
70 Pologne Wilamowicien
0%
Aucun quiz correspondant
Distribution des résultats
% des personnes avec chaque résultat
Percentile par nombre de réponses
Votre historique - résultats
Vous n’avez pas pris ce quiz depuis la dernière actualisation